| 000 | 00703nam a22002412 4500 | ||
|---|---|---|---|
| 001 | 12810 | ||
| 003 | BD-RjUL | ||
| 005 | 20211208235347.0 | ||
| 008 | 140129s1973 enka b 001 0 eng d | ||
| 020 | _a126372012 | ||
| 035 | _a(BD-RjUL)12860 | ||
| 040 |
_aDLC/ICU _cCGU _dUKM _dBD-RjUL _beng |
||
| 041 | _aeng | ||
| 082 | 0 | 0 |
_a575.1 _bSEM 1973 |
| 100 | 1 |
_aSerra, J. A. _q(Jose Antunes), _d1914- _939686 |
|
| 245 | 1 | 0 |
_aModern genetics / _cJ. A. Serra _nVolume I |
| 260 |
_aLondon ; _aNew York : _bAcademic Press, _c1973. |
||
| 300 |
_axii, 540 p. : _bill. ; _c24 cm. |
||
| 504 | _aIncludes bibliographical references and index. | ||
| 650 | 0 |
_aGenetics. _939687 |
|
| 942 |
_2ddc _cBK |
||
| 999 |
_c12810 _d12810 |
||